Aquaculture water reuse systems: engineering design and management

I tiakina i:
Ngā taipitopito rārangi puna kōrero
Ngā kaituhi matua: Timmons, Michael B (Author), Losordo, Thomas M (Author)
Hōputu: Pukapuka
Reo:Ingarihi
I whakaputaina: Amsterdam Elsevier 1994
Rangatū:Developments in Aquaculture and Fisheries science, 27
Ngā marau:
Ngā Tūtohu: Tāpirihia he Tūtohu
Kāore He Tūtohu, Me noho koe te mea tuatahi ki te tūtohu i tēnei pūkete!

MARC

LEADER 00000nam a2200000 a 4500
001 UCM0578
003 CL-VaPUC
008 020301e19940000NE |||||||||||||||||eng|d
082 0 4 |a 639.8  |b TIM  |2 21 
100 0 |a Timmons, Michael B  |e author  |9 467468 
700 0 |a Losordo, Thomas M  |e author  |9 467469 
245 1 0 |a Aquaculture water reuse systems: engineering design and management 
300 |a 333 p 
942 |c BK 
945 |d 20020301 00:00:00  |a cmena 
260 |a Amsterdam  |b Elsevier  |c 1994 
650 0 |a Acuicultura  |9 258883 
583 |a last modification  |c 20020301 00:00:00  |k Rodrigo Vera 
490 0 |a Developments in Aquaculture and Fisheries science, 27 
999 |c 299466  |d 299464 
952 |0 0  |1 0  |4 0  |6 639_800000000000000_TIM_1994  |7 0  |8 CCM  |9 356022  |a BIBCUR  |b BIBCUR  |d 2019-11-21  |i 3790134  |o 639.8 TIM 1994  |p 3790134  |r 2025-04-22  |w 2019-11-21  |y BK  |k RNT